MD Characters - Statistics

General Stats
  • This quiz has been taken 15 times
    14 since last reset
  • The average score is 12 of 23
Answer Stats
Hint Answer % Correct
U Uzi
100%
A Alice
75%
K Khan Doorman
75%
L Lizzy
75%
S Serial designation J
75%
S Serial designation N
75%
S Serial designation V
75%
B Beau
63%
C Cyn
63%
D Doll
63%
N Nori
63%
R Rebecca
63%
T Thad
63%
T Teacher
50%
T Tessa Elliot
38%
Y Yeva
38%
B Braidon
25%
J James elliot
25%
L Lord Frumptlebucket
25%
L Louisa Elliot
25%
E Eldritch J
13%
E Emily
13%
S Sentinal
13%
No matching quizzes found
Score Distribution
Percent of People with Each Score
Percentile by Number Answered
Your Score History
You have not taken this quiz since the last reset